000 00599nam a2200241Ia 4500
008 181129s9999 xx 000 0 und d
020 _a9780590465656
050 _bF853 1980
100 _aFreedman, Russell
245 0 _aImmigration kids /
245 0 _cby Russell Freedman.
260 _aNew York, NY :
260 _bScholastic,
260 _c1980
300 _a72 pages :
300 _bcolor illustrations ;
300 _c25cm.
500 _a1050L
650 _aChildren of immigrants.
650 _aEmigration and immigration.
650 _aUnited States.
700 _aTitle.
999 _c359829
_d359829